005800000a2200157000450024501650000065000180016565000150018365000300019865100520022865300290028004100130030970000200032270000170034210000260035977300370038510aNight roosting and the nocturnal time budget of the little brown bat, Myotis lucifugus: effects of reproductive status, prey density and enviromental conditions14aMurciélagos14aEtología14aEcología de poblaciones 4mNew HampshiredNueva InglaterrapEstados Unidos gMyotiseMyotis lucifugus0 aInglés1 aKunz, Thomas H.1 aStack, M. H.1 aAnthony P., Edythe L.1 tOecologia380h51q151-156d1981